[Event "Sharjah Blitz op"]
[Site "Sharjah"]
[Date "2021.05.01"]
[Round "5.7"]
[White "Al Huwar, Jasem"]
[Black "Iordachescu, Viorel"]
[Result "0-1"]
[WhiteElo "2285"]
[BlackElo "2589"]
[PlyCount "52"]
[EventDate "2021.05.01"]
[EventType "swiss (blitz)"]
[EventRounds "9"]
[EventCountry "UAE"]
[SourceTitle "CBM 202 Extra"]
[Source "ChessBase"]
[SourceDate "2021.07.31"]
[SourceVersion "1"]
[SourceVersionDate "2021.07.31"]
[SourceQuality "1"]

1. Nf3 g6 2. g3 Bg7 3. d4 c5 4. Bg2 cxd4 5. Nxd4 Nf6 6. c4 Qc7 7. b3 Nc6 8. Nb5 Qd8 9. Bb2 0-0 10. 0-0 d6 11. N1c3 Bd7 12. Rc1 Rc8 13. Nd4 Qa5 14. a3 Nxd4 15. Qxd4 Bc6 16. b4 Qh5 17. Nd5 Bxd5 18. cxd5 Qxe2 19. Rce1 Qc2 20. Ba1 Rc7 21. Qxa7 h5 22. Bxf6 Bxf6 23. Qb6 Qc3 24. a4 Bd4 25. Qb5 Bxf2+ 26. Kxf2 Qd4+ 0-1

[Event "Sharjah Blitz op"]
[Site "Sharjah"]
[Date "2021.05.01"]
[Round "4.5"]
[White "Murtaza, Ali"]
[Black "Al Huwar, Jasem"]
[Result "1-0"]
[WhiteElo "2144"]
[BlackElo "2285"]
[PlyCount "71"]
[EventDate "2021.05.01"]
[EventType "swiss (blitz)"]
[EventRounds "9"]
[EventCountry "UAE"]
[SourceTitle "CBM 202 Extra"]
[Source "ChessBase"]
[SourceDate "2021.07.31"]
[SourceVersion "1"]
[SourceVersionDate "2021.07.31"]
[SourceQuality "1"]

1. e4 g6 2. d4 Bg7 3. Nc3 d6 4. Be3 c6 5. Qd2 Nd7 6. f4 b5 7. e5 d5 8. Nf3 Nh6 9. h3 Nf5 10. Bf2 h5 11. Bd3 Nb6 12. 0-0-0 Nc4 13. Bxc4 bxc4 14. g4 hxg4 15. hxg4 Nh6 16. g5 Nf5 17. Rxh8+ Bxh8 18. Rh1 Bg7 19. Rh7 Bd7 20. Na4 Qc7 21. Nh4 Bf8 22. Nxf5 Bxf5 23. Qb4 Rb8 24. Qc5 Rb5 25. Qa3 Ra5 26. b3 cxb3 27. axb3 Rb5 28. Be1 Kd7 29. Rh8 Rb8 30. Bb4 Rxb4 31. Qxb4 Ke8 32. Nc5 Bc8 33. Kb2 a5 34. Qa3 f6 35. Nd3 Kf7 36. gxf6 1-0

[Event "UAE-ch"]
[Site "Sharjah"]
[Date "2019.08.19"]
[Round "4"]
[White "Al Huwar, Jasem"]
[Black "Al Hosani, Omran"]
[Result "0-1"]
[WhiteElo "2285"]
[BlackElo "2176"]
[PlyCount "76"]
[EventDate "2019.08.16"]
[EventType "swiss"]
[EventRounds "9"]
[EventCountry "UAE"]
[SourceTitle "EXT 2020"]
[Source "ChessBase"]
[SourceDate "2019.10.17"]
[SourceVersion "1"]
[SourceVersionDate "2019.10.17"]
[SourceQuality "1"]

1. Nf3 d5 2. g3 Nc6 3. d4 Bg4 4. Bg2 Qd7 5. h3 Bxf3 6. Bxf3 0-0-0 7. c3 Kb8 8. b4 e5 9. a3 h5 10. e3 h4 11. g4 f5 12. Nd2 Nh6 13. Nb3 fxg4 14. hxg4 e4 15. Be2 Qf7 16. Qc2 Bd6 17. g5 Ng8 18. Bb2 h3 19. c4 Rf8 20. cxd5 Qxf2+ 21. Kd2 Rf3 22. Rae1 Nxb4 23. axb4 Bxb4+ 24. Bc3 Qxe3+ 25. Kd1 Bxc3 26. Bxf3 Qxf3+ 27. Qe2 Bxe1 28. Qxf3 exf3 29. Kxe1 Ne7 30. Nd2 Nxd5 31. Nxf3 a5 32. Kf2 a4 33. Kg3 b5 34. Nh4 b4 35. Ra1 h2 36. Rh1 a3 37. Ng6 b3 38. Nxh8 b2 0-1

[Event "UAE-ch"]
[Site "Sharjah"]
[Date "2019.08.16"]
[Round "1"]
[White "Al Darmaky, Sultan"]
[Black "Al Huwar, Jasem"]
[Result "0-1"]
[WhiteElo "1776"]
[BlackElo "2285"]
[PlyCount "112"]
[EventDate "2019.08.16"]
[EventType "swiss"]
[EventRounds "9"]
[EventCountry "UAE"]
[SourceTitle "EXT 2020"]
[Source "ChessBase"]
[SourceDate "2019.10.17"]
[SourceVersion "1"]
[SourceVersionDate "2019.10.17"]
[SourceQuality "1"]

1. d4 e6 2. c4 f5 3. Nc3 Nf6 4. Nf3 b6 5. e3 Bb7 6. Be2 Be7 7. 0-0 0-0 8. b3 Ne4 9. Bb2 d6 10. d5 Nxc3 11. Bxc3 e5 12. Nd2 Nd7 13. f4 Bf6 14. Qc2 Qe7 15. Rae1 Rae8 16. Bf3 exf4 17. exf4 Qxe1 18. Rxe1 Rxe1+ 19. Kf2 Re7 20. b4 Bxc3 21. Qxc3 Nf6 22. Qd4 Rfe8 23. h3 Bc8 24. Kg1 Bd7 25. Kh2 Re1 26. c5 Bb5 27. Nc4 Rc1 28. Na3 Be2 29. Qb2 Re1 30. Nc2 Rd1 31. Ne3 Bxf3 32. Nxd1 Bxd1 33. cxd6 cxd6 34. Qb1 Bh5 35. Qxf5 Bf7 36. Qd3 Nxd5 37. Qd2 b5 38. Qd4 Re7 39. f5 Rd7 40. a3 Nb6 41. f6 gxf6 42. Qxf6 d5 43. Qg5+ Kf8 44. Qh6+ Ke7 45. Qxh7 d4 46. Qh4+ Ke6 47. Qe4+ Kf6 48. Qf4+ Kg7 49. h4 d3 50. Qg5+ Kf8 51. h5 Rd5 52. Qh6+ Kg8 53. Qd2 Rxh5+ 54. Kg1 Rd5 55. Qf4 d2 56. Qb8+ Kh7 0-1

[Event "Warsaw Najdorf Memorial op-A 17th"]
[Site "Warsaw"]
[Date "2019.07.09"]
[Round "4"]
[White "Roseneck, Jonas"]
[Black "Al Huwar, Jasem"]
[Result "1/2-1/2"]
[WhiteElo "2398"]
[BlackElo "2255"]
[PlyCount "77"]
[EventDate "2019.07.06"]
[EventType "swiss"]
[EventRounds "9"]
[EventCountry "POL"]
[SourceTitle "CBM 191 Extra"]
[Source "ChessBase"]
[SourceDate "2019.09.30"]
[SourceVersion "1"]
[SourceVersionDate "2019.09.30"]
[SourceQuality "1"]

1. e4 e6 2. d4 d5 3. Nd2 dxe4 4. Nxe4 Nd7 5. Nf3 Ngf6 6. Nxf6+ Nxf6 7. g3 c5 8. Bg2 cxd4 9. Qxd4 Qxd4 10. Nxd4 a6 11. Bd2 Be7 12. 0-0 0-0 13. c4 Rd8 14. Nb3 e5 15. Ba5 Re8 16. Rfe1 e4 17. Nd2 Bf5 18. Nxe4 Nxe4 19. Bxe4 Bb4 20. Bxf5 Bxa5 21. Rxe8+ Rxe8 22. Kf1 g6 23. Bh3 Rd8 24. a3 Bc7 25. b4 b6 26. Re1 Kf8 27. Re3 Rd4 28. Bc8 a5 29. bxa5 bxa5 30. Ba6 Bd6 31. Ke2 Kg7 32. a4 Kf6 33. Rc3 Bb4 34. Rc2 Bc5 35. Bb7 Rd6 36. Rb2 Rb6 37. Rb5 Rxb5 38. cxb5 Ke5 39. Bc6 1/2-1/2

[Event "Asia zt 3.1"]
[Site "Amman"]
[Date "2019.06.21"]
[Round "3"]
[White "Al Huwar, Jasem"]
[Black "Salih, Al Hor"]
[Result "1-0"]
[WhiteElo "2232"]
[BlackElo "1798"]
[PlyCount "87"]
[EventDate "2019.06.19"]
[EventType "swiss"]
[EventRounds "9"]
[EventCountry "JOR"]
[SourceTitle "CBM 191 Extra"]
[Source "ChessBase"]
[SourceDate "2019.09.30"]
[SourceVersion "1"]
[SourceVersionDate "2019.09.30"]
[SourceQuality "1"]

1. Nf3 d5 2. g3 g6 3. d4 Nd7 4. c4 dxc4 5. Na3 Nb6 6. Nxc4 Nxc4 7. Qa4+ c6 8. Qxc4 Bg7 9. Bg2 Nf6 10. 0-0 0-0 11. Ne5 Be6 12. Qd3 Qc8 13. Rd1 Rd8 14. Qa3 Ng4 15. Nf3 Bd5 16. h3 Nf6 17. Bf4 Re8 18. Rac1 Qf5 19. Re1 Ne4 20. Qe3 Rad8 21. Qa3 g5 22. Be5 Bxe5 23. dxe5 h5 24. Qxa7 Bxa2 25. Qxa2 g4 26. hxg4 hxg4 27. Qb1 e6 28. Rc4 gxf3 29. exf3 Nd2 30. Qxf5 exf5 31. Rf4 Nb3 32. Rxf5 Rd2 33. Bf1 b5 34. Rf6 Nd4 35. Re4 Ra8 36. Rg4+ Kf8 37. Rgf4 Ra1 38. Kg2 Rdd1 39. e6 c5 40. Rxf7+ Ke8 41. Rxd4 Rxf1 42. Rd5 Rfe1 43. Rxc5 Rxe6 44. Rcc7 1-0

[Event "Asia zt 3.1"]
[Site "Amman"]
[Date "2019.06.20"]
[Round "2"]
[White "Gholami, Aryan"]
[Black "Al Huwar, Jasem"]
[Result "1-0"]
[WhiteElo "2530"]
[BlackElo "2232"]
[PlyCount "39"]
[EventDate "2019.06.19"]
[EventType "swiss"]
[EventRounds "9"]
[EventCountry "JOR"]
[SourceTitle "CBM 191 Extra"]
[Source "ChessBase"]
[SourceDate "2019.09.30"]
[SourceVersion "1"]
[SourceVersionDate "2019.09.30"]
[SourceQuality "1"]

1. Nf3 g6 2. g3 b6 3. Bg2 Bb7 4. c4 c5 5. 0-0 Bg7 6. Nc3 e6 7. d4 cxd4 8. Nb5 d6 9. Qa4 Ke7 10. Nbxd4 Qd7 11. Qa3 Nc6 12. Nxc6+ Qxc6 13. Rd1 Qc5 14. b4 Qc7 15. Bg5+ f6 16. Be3 Nh6 17. c5 d5 18. Rac1 bxc5 19. Rxc5 Qd7 20. Qc1 1-0

[Event "Asia zt 3.1"]
[Site "Amman"]
[Date "2019.06.19"]
[Round "1"]
[White "Al Huwar, Jasem"]
[Black "Thaer, Abu Alhaija"]
[Result "1-0"]
[WhiteElo "2232"]
[BlackElo "1856"]
[PlyCount "85"]
[EventDate "2019.06.19"]
[EventType "swiss"]
[EventRounds "9"]
[EventCountry "JOR"]
[SourceTitle "CBM 191 Extra"]
[Source "ChessBase"]
[SourceDate "2019.09.30"]
[SourceVersion "1"]
[SourceVersionDate "2019.09.30"]
[SourceQuality "1"]

1. Nf3 Nf6 2. g3 g6 3. b3 Bg7 4. Bb2 d6 5. d4 0-0 6. Bg2 c6 7. 0-0 Bg4 8. h3 Bxf3 9. Bxf3 Nbd7 10. e4 e5 11. dxe5 dxe5 12. a4 a5 13. Na3 Qc7 14. Nc4 Rfd8 15. Qe2 Bf8 16. Rad1 Rac8 17. Bc3 b6 18. Rd2 Re8 19. Rfd1 b5 20. Nd6 Bxd6 21. Rxd6 b4 22. Bb2 Re7 23. Qe3 Ne8 24. R6d2 Rb8 25. Be2 Ng7 26. Qg5 Rbe8 27. h4 f6 28. Bc4+ Kh8 29. Qg4 Nb6 30. Bf1 c5 31. Bb5 Rf8 32. Rd6 Qb7 33. Bc1 Rc7 34. Bh6 Rcf7 35. Qe2 Re7 36. Ba6 Qc7 37. Qb5 Rb8 38. Rc6 Qa7 39. Rdd6 Na8 40. Rxf6 Nh5 41. Rfd6 Rg8 42. Qc4 Rf7 43. Qe6 1-0

[Event "Olympiad-43"]
[Site "Batumi"]
[Date "2018.10.05"]
[Round "11.2"]
[White "Fernandes, Antonio ETG"]
[Black "Al Huwar, Jasem"]
[Result "1-0"]
[WhiteElo "2389"]
[BlackElo "2245"]
[PlyCount "155"]
[EventDate "2018.09.24"]
[EventType "team-swiss"]
[EventRounds "11"]
[EventCountry "GEO"]
[SourceTitle "CBM 187"]
[Source "ChessBase"]
[SourceDate "2018.12.11"]
[SourceVersion "1"]
[SourceVersionDate "2018.12.11"]
[SourceQuality "1"]
[WhiteTeam "Portugal"]
[BlackTeam "United Arab Emirates"]
[WhiteTeamCountry "POR"]
[BlackTeamCountry "UAE"]

1. d4 Nf6 2. Bg5 e6 3. e4 h6 4. Bxf6 Qxf6 5. Qd3 d6 6. Nd2 Nd7 7. 0-0-0 g6 8. Ne2 Bg7 9. Qc3 Qd8 10. f4 0-0 11. e5 Nb6 12. Qf3 Bd7 13. Qxb7 Nd5 14. Qa6 Rb8 15. Qa3 dxe5 16. dxe5 Re8 17. Ne4 Rb4 18. Rxd5 Rxe4 19. Rd1 Qc8 20. g3 Ra4 21. Qb3 c5 22. Bg2 Rb4 23. Qa3 Qc7 24. c3 Bb5 25. Nd4 Ba4 26. Nc2 Bxc2 27. Kxc2 Reb8 28. b3 Bf8 29. c4 a5 30. Rd3 a4 31. Rb1 Qa5 32. Qc1 Qa6 33. Bf3 Be7 34. Kd1 Kg7 35. Ke1 axb3 36. axb3 Qa2 37. Rd2 Qa5 38. Qc2 h5 39. h4 Qa3 40. Rd3 Qa7 41. Kf1 R8b6 42. Kg2 Ra6 43. Kh3 Ra2 44. Rb2 Ra1 45. Rd1 Ra3 46. Be4 Qc7 47. Rd3 Rb6 48. Qd1 Ra7 49. Qf3 Rb8 50. Rbd2 Rd8 51. Rxd8 Bxd8 52. Bc6 Qb8 53. Ba4 Ba5 54. Rd6 Qb4 55. Qe3 Qe1 56. Qxe1 Bxe1 57. Rd8 Rc7 58. Kg2 Bc3 59. Kf2 Bb4 60. Ke2 Bc3 61. Kf2 Bb4 62. Kf3 Bc3 63. Rd3 Bb4 64. Rd8 Bc3 65. Rd1 Bb4 66. g4 hxg4+ 67. Kxg4 Bc3 68. h5 gxh5+ 69. Kxh5 f6 70. f5 fxe5 71. fxe6 Kf6 72. Bd7 Ke7 73. Rf1 e4 74. Rf7+ Kd6 75. Kg4 e3 76. Kf3 e2 77. Kxe2 Ra7 78. Kd3 1-0

[Event "Olympiad-43"]
[Site "Batumi"]
[Date "2018.10.02"]
[Round "8.2"]
[White "Al Huwar, Jasem"]
[Black "Linster, Philippe"]
[Result "1/2-1/2"]
[WhiteElo "2245"]
[BlackElo "2273"]
[PlyCount "25"]
[EventDate "2018.09.24"]
[EventType "team-swiss"]
[EventRounds "11"]
[EventCountry "GEO"]
[SourceTitle "CBM 187"]
[Source "ChessBase"]
[SourceDate "2018.12.11"]
[SourceVersion "1"]
[SourceVersionDate "2018.12.11"]
[SourceQuality "1"]
[WhiteTeam "United Arab Emirates"]
[BlackTeam "Luxembourg"]
[WhiteTeamCountry "UAE"]
[BlackTeamCountry "LUX"]

1. Nf3 Nf6 2. g3 d5 3. Bg2 Bf5 4. 0-0 e6 5. d3 c6 6. c4 dxc4 7. dxc4 Qxd1 8. Rxd1 Nbd7 9. Nc3 Bc2 10. Rd2 Bg6 11. Rd1 Bc2 12. Rd2 Bg6 13. Rd1 1/2-1/2

[Event "Olympiad-43"]
[Site "Batumi"]
[Date "2018.09.27"]
[Round "4.49"]
[White "Dominguez Aguilar, Guillermo"]
[Black "Al Huwar, Jasem"]
[Result "1/2-1/2"]
[WhiteElo "2324"]
[BlackElo "2245"]
[PlyCount "94"]
[EventDate "2018.09.24"]
[EventType "team-swiss"]
[EventRounds "11"]
[EventCountry "GEO"]
[SourceTitle "CBM 187"]
[Source "ChessBase"]
[SourceDate "2018.12.11"]
[SourceVersion "1"]
[SourceVersionDate "2018.12.11"]
[SourceQuality "1"]
[WhiteTeam "Mexico"]
[BlackTeam "United Arab Emirates"]
[WhiteTeamCountry "MEX"]
[BlackTeamCountry "UAE"]

1. e4 c6 2. d4 d5 3. e5 Bf5 4. h4 h5 5. Bd3 Bxd3 6. Qxd3 e6 7. Bg5 Be7 8. Nf3 Nh6 9. c4 Nf5 10. Nc3 a6 11. a3 b5 12. cxd5 cxd5 13. Rc1 Qd7 14. Bxe7 Nxe7 15. Ne2 Nbc6 16. 0-0 0-0 17. Ng3 g6 18. Qd2 Kh7 19. Rc5 Rac8 20. Rfc1 Na7 21. Qf4 Ng8 22. Ng5+ Kg7 23. Qf3 Rxc5 24. Rxc5 Rc8 25. Qc3 Ne7 26. Ne2 Nf5 27. g3 Rc6 28. Nf4 Qc8 29. b4 Rxc5 30. dxc5 Nc6 31. Nf3 Qd7 32. Qd2 Qd8 33. Kh2 Nh6 34. Kg2 Ng4 35. Nd4 Nxd4 36. Qxd4 Qc7 37. Nd3 Nh6 38. f3 Nf5 39. Qf4 Qd8 40. Kh3 a5 41. Qc1 axb4 42. axb4 Nd4 43. Qf4 Nc6 44. g4 hxg4+ 45. Kxg4 Qe7 46. h5 gxh5+ 47. Kxh5 Kf8 1/2-1/2

[Event "Olympiad-43"]
[Site "Batumi"]
[Date "2018.09.25"]
[Round "2.2"]
[White "Al Huwar, Jasem"]
[Black "Moncur, Cecil"]
[Result "1/2-1/2"]
[WhiteElo "2245"]
[BlackElo "1873"]
[PlyCount "62"]
[EventDate "2018.09.24"]
[EventType "team-swiss"]
[EventRounds "11"]
[EventCountry "GEO"]
[SourceTitle "CBM 187"]
[Source "ChessBase"]
[SourceDate "2018.12.11"]
[SourceVersion "1"]
[SourceVersionDate "2018.12.11"]
[SourceQuality "1"]
[WhiteTeam "United Arab Emirates"]
[BlackTeam "Bahamas"]
[WhiteTeamCountry "UAE"]
[BlackTeamCountry "BAH"]

1. Nf3 c5 2. g3 Nc6 3. Bg2 g6 4. 0-0 Bg7 5. c4 e6 6. Nc3 Nge7 7. e3 0-0 8. d4 cxd4 9. Nxd4 Nxd4 10. exd4 d5 11. cxd5 Nxd5 12. Be3 Qa5 13. Nxd5 exd5 14. Qb3 Be6 15. Rac1 Qb6 16. Rc5 Qxb3 17. axb3 Rfd8 18. Rc7 Rab8 19. Rfc1 h6 20. h4 Bf6 21. Bf3 g5 22. hxg5 hxg5 23. R1c5 a6 24. Rc1 Rd6 25. g4 Rb6 26. R7c3 Rb4 27. Rd3 Kf8 28. Kg2 Ke7 29. Rh1 Rg8 30. Rh6 Rc8 31. Bd1 Rg8 1/2-1/2

[Event "Arab Clubs-chT"]
[Site "Sharjah"]
[Date "2018.02.08"]
[Round "4.1"]
[White "Al Huwar, Jasem"]
[Black "Snoper, Rafat"]
[Result "1-0"]
[WhiteElo "2303"]
[BlackElo "1917"]
[PlyCount "84"]
[EventDate "2018.02.06"]
[EventType "team-tourn"]
[EventRounds "9"]
[EventCountry "UAE"]
[SourceTitle "CBM 182 Extra"]
[Source "ChessBase"]
[SourceDate "2018.02.23"]
[SourceVersion "1"]
[SourceVersionDate "2018.02.23"]
[SourceQuality "1"]
[WhiteTeam "Sharjah"]
[BlackTeam "Al Quds"]
[WhiteTeamCountry "UAE"]
[BlackTeamCountry "PLE"]

1. Nf3 d5 2. g3 c5 3. Bg2 h5 4. h4 Nc6 5. d4 Bf5 6. 0-0 f6 7. c4 e6 8. cxd5 exd5 9. Nc3 Be4 10. Be3 Nh6 11. Qb3 Qd7 12. dxc5 0-0-0 13. Nxe4 dxe4 14. Rfd1 Qf7 15. Bh3+ Kb8 16. Bxh6 Qxb3 17. Bf4+ Ka8 18. Rxd8+ Nxd8 19. axb3 exf3 20. exf3 Bxc5 21. Rc1 b6 22. b4 Bxb4 23. Rc7 g6 24. Bd7 a6 25. Ba4 g5 26. hxg5 fxg5 27. Be5 Rf8 28. Bc2 a5 29. Rd7 Nc6 30. Be4 Rc8 31. Rh7 Bf8 32. Bc7 Kb7 33. Bd6+ Ka6 34. Bxf8 Rxf8 35. Bxc6 h4 36. gxh4 gxh4 37. Rxh4 Rf6 38. Be4 b5 39. Rg4 Rf8 40. Rg6+ Ka7 41. Rg5 Kb6 42. Bd3 Rxf3 1-0

[Event "Arab-ch blitz"]
[Site "Sharjah"]
[Date "2018.02.04"]
[Round "3"]
[White "Al Huwar, Jasem"]
[Black "Ahmed, Ali Layth Ahmed"]
[Result "1-0"]
[WhiteElo "2237"]
[BlackElo "2234"]
[PlyCount "59"]
[EventDate "2018.02.04"]
[EventType "swiss (blitz)"]
[EventRounds "7"]
[EventCountry "UAE"]
[SourceTitle "CBM 182 Extra"]
[Source "ChessBase"]
[SourceDate "2018.02.23"]
[SourceVersion "1"]
[SourceVersionDate "2018.02.23"]
[SourceQuality "1"]

1. Nf3 Nf6 2. g3 d5 3. Bg2 c6 4. 0-0 Nbd7 5. d3 e5 6. c4 dxc4 7. dxc4 Bc5 8. Nc3 0-0 9. Qc2 Re8 10. Rd1 Qc7 11. e3 a5 12. b3 Nf8 13. Bb2 Bg4 14. Re1 h6 15. h3 Bh5 16. Nh4 Bg6 17. Nxg6 Nxg6 18. Ne4 Nxe4 19. Bxe4 Re6 20. Rad1 Ne7 21. Re2 Rf8 22. Red2 f5 23. Rd7 Qc8 24. Bg2 f4 25. exf4 exf4 26. Qc3 Rf7 27. Rd8+ Qxd8 28. Rxd8+ Kh7 29. Qd3+ g6 30. Rh8# 1-0

[Event "Arab-ch blitz"]
[Site "Sharjah"]
[Date "2018.02.04"]
[Round "1"]
[White "Al Huwar, Jasem"]
[Black "Hesham, Abdelrahman"]
[Result "0-1"]
[WhiteElo "2237"]
[BlackElo "2464"]
[PlyCount "90"]
[EventDate "2018.02.04"]
[EventType "swiss (blitz)"]
[EventRounds "7"]
[EventCountry "UAE"]
[SourceTitle "CBM 182 Extra"]
[Source "ChessBase"]
[SourceDate "2018.02.23"]
[SourceVersion "1"]
[SourceVersionDate "2018.02.23"]
[SourceQuality "1"]

1. Nf3 Nf6 2. g3 g6 3. b3 c5 4. c4 Bg7 5. Bb2 0-0 6. Bg2 Nc6 7. 0-0 d6 8. d4 cxd4 9. Nxd4 Bd7 10. Nc3 Qa5 11. e3 Rfe8 12. a3 Ng4 13. h3 Nge5 14. Nd5 e6 15. Nc3 Nxd4 16. exd4 Nc6 17. Nb5 d5 18. b4 Qb6 19. Nd6 Red8 20. c5 Qc7 21. Bc3 b6 22. Qd2 Bf8 23. Nb5 Qb8 24. Rfc1 Nxb4 25. Bxb4 Bxb5 26. Rab1 Bc4 27. a4 Qc7 28. cxb6 axb6 29. Bxf8 Rxf8 30. Qb4 Rfb8 31. Rxc4 Qxc4 32. Qxc4 dxc4 33. Bxa8 Rxa8 34. Rxb6 Rxa4 35. Rc6 h5 36. Kg2 Kf8 37. Kf3 Ra3+ 38. Ke4 c3 39. Ke5 Kg7 40. d5 exd5 41. Kxd5 Ra2 42. f4 Rh2 43. h4 c2 44. Ke4 Kf8 45. Rc3 Ke7 0-1

[Event "Arab-ch 2017 Rapid"]
[Site "Sharjah"]
[Date "2018.01.31"]
[Round "6.5"]
[White "Elmejbri, Ali Abdoullah"]
[Black "Al Huwar, Jasem"]
[Result "0-1"]
[WhiteElo "1920"]
[BlackElo "2244"]
[PlyCount "83"]
[EventDate "2018.01.31"]
[EventType "swiss (rapid)"]
[EventRounds "7"]
[EventCountry "UAE"]
[SourceTitle "EXT 2024"]
[Source "ChessBase"]
[SourceDate "2023.10.10"]
[SourceVersion "1"]
[SourceVersionDate "2023.10.10"]
[SourceQuality "1"]

1. d4 Nf6 2. Bf4 d6 3. Nc3 Nbd7 4. e4 e5 5. dxe5 dxe5 6. Bg5 h6 7. Bh4 Be7 8. Bc4 0-0 9. Qf3 c6 10. a4 Qb6 11. Nge2 Qb4 12. Bd3 Nc5 13. Bxf6 Bxf6 14. 0-0 Ne6 15. Qh5 Nd4 16. Nxd4 exd4 17. Ne2 Qd2 18. f4 Bd8 19. e5 Be6 20. Rf3 f5 21. exf6 Bxf6 22. Rg3 Rfe8 23. Qxh6 Kf8 24. Qh8+ Ke7 25. Rxg7+ Bxg7 26. Qxg7+ Kd6 27. Qe5+ Kd7 28. Nxd4 Bh3 29. Bf5+ Bxf5 30. Qxf5+ Kd6 31. Qf6+ Kd5 32. Nf3 Qe3+ 33. Kh1 Kc5 34. b4+ Kb6 35. a5+ Kb5 36. Qf5+ Ka6 37. b5+ cxb5 38. Ne5 Rac8 39. h3 Qc3 40. Rd1 Rc6 41. Qf7 Rce6 42. Rd6+ 0-1

[Event "Arab-ch 2017 Rapid"]
[Site "Sharjah"]
[Date "2018.01.31"]
[Round "2.3"]
[White "Haddouche, Mohamed Amine"]
[Black "Al Huwar, Jasem"]
[Result "1-0"]
[WhiteElo "2403"]
[BlackElo "2244"]
[PlyCount "97"]
[EventDate "2018.01.31"]
[EventType "swiss (rapid)"]
[EventRounds "7"]
[EventCountry "UAE"]
[SourceTitle "EXT 2024"]
[Source "ChessBase"]
[SourceDate "2023.10.10"]
[SourceVersion "1"]
[SourceVersionDate "2023.10.10"]
[SourceQuality "1"]

1. e4 c6 2. d3 g6 3. Nf3 Bg7 4. g3 e5 5. Bg2 d6 6. 0-0 Nf6 7. Nc3 0-0 8. d4 Qc7 9. Re1 b5 10. a4 b4 11. Na2 a5 12. c3 bxc3 13. Nxc3 Na6 14. Bg5 Nb4 15. Rc1 Qb8 16. Qd2 Ba6 17. Bf1 Bxf1 18. Rxf1 Re8 19. Rfe1 Qb7 20. dxe5 dxe5 21. Qe2 h6 22. Be3 Qd7 23. Kg2 Nd3 24. Nd2 Nxe1+ 25. Rxe1 Rab8 26. Nc4 Qc7 27. Rd1 Rb4 28. Bc5 Bf8 29. Bxb4 Bxb4 30. Qe3 Kg7 31. Na2 Bf8 32. Nc1 Rb8 33. f3 Nd7 34. Qc3 f6 35. Nd3 Bb4 36. Nxb4 axb4 37. Qe3 Nf8 38. Rd6 Rd8 39. Qc5 Rxd6 40. Nxd6 Qb8 41. Qxc6 h5 42. Ne8+ Kf7 43. Nxf6 Ne6 44. Nd7 Qd8 45. Nxe5+ Kf6 46. Nxg6 Qd2+ 47. Kh3 Qd1 48. Nf4 Qf1+ 49. Kh4 1-0

[Event "Arab-ch"]
[Site "Sharjah"]
[Date "2018.01.28"]
[Round "3"]
[White "Al Huwar, Jasem"]
[Black "Hesham, Abdelrahman"]
[Result "0-1"]
[WhiteElo "2303"]
[BlackElo "2406"]
[PlyCount "160"]
[EventDate "2018.01.27"]
[EventType "swiss"]
[EventRounds "9"]
[EventCountry "UAE"]
[SourceTitle "EXT 2019"]
[Source "ChessBase"]
[SourceDate "2018.10.10"]
[SourceVersion "1"]
[SourceVersionDate "2018.10.10"]
[SourceQuality "1"]

1. Nf3 d5 2. g3 Nf6 3. Bg2 e6 4. 0-0 Be7 5. d3 0-0 6. Nbd2 c5 7. e4 Nc6 8. Re1 b6 9. e5 Ne8 10. Nf1 Nc7 11. h4 f6 12. exf6 Bxf6 13. Ne3 e5 14. c4 d4 15. Nf1 Bf5 16. Ng5 Bxg5 17. Bxg5 Qd6 18. g4 Bd7 19. Ng3 h6 20. Ne4 Qg6 21. h5 Qf7 22. Bh4 g5 23. Bg3 Qe7 24. Nd2 Rae8 25. a3 Ne6 26. Bd5 Kh7 27. Qe2 Nf4 28. Qe4+ Kh8 29. Bxc6 Nh3+ 30. Kg2 Nxf2 31. Bxe5+ Qxe5 32. Qxe5+ Rxe5 33. Bxd7 Rxe1 34. Rxe1 Nxd3 35. Re8 Rxe8 36. Bxe8 Nxb2 37. Kf3 Nd1 38. Ke4 Kg7 39. Bd7 Kf6 40. Kd5 Ne3+ 41. Kd6 Kf7 42. Be6+ Kf6 43. Ne4+ Kg7 44. Ke5 Nf1 45. Nf2 Nd2 46. Nd3 Nf3+ 47. Ke4 Nd2+ 48. Kd5 Nb1 49. a4 Nc3+ 50. Kc6 Nxa4 51. Kb5 Nc3+ 52. Ka6 Kf6 53. Bc8 Ke7 54. Kxa7 b5 55. cxb5 Nxb5+ 56. Kb6 Nd6 57. Ba6 c4 58. Nb2 c3 59. Nd3 Ne4 60. Bb7 Nf6 61. Bf3 Kd6 62. Kb5 Nd7 63. Kc4 c2 64. Kxd4 Ne5 65. Nxe5 c1Q 66. Nd3 Qg1+ 67. Ke4 Qa7 68. Be2 Qe7+ 69. Kf3 Kd5 70. Bf1 Kd4 71. Nf2 Qf8+ 72. Kg2 Ke3 73. Nd1+ Kf4 74. Be2 Qa8+ 75. Kf2 Qa7+ 76. Ke1 Qd4 77. Kf1 Kg3 78. Ke1 Qb4+ 79. Kf1 Qd2 80. Nf2 Qf4 0-1

[Event "Abu Dhabi President Cup"]
[Site "Abu Dhabi"]
[Date "2017.12.22"]
[Round "1"]
[White "Al Zaabi, Sultan"]
[Black "Al Huwar, Jasem"]
[Result "0-1"]
[WhiteElo "1875"]
[BlackElo "2298"]
[PlyCount "102"]
[EventDate "2017.12.22"]
[EventType "swiss"]
[EventRounds "9"]
[EventCountry "UAE"]
[SourceTitle "CBM 182 Extra"]
[Source "ChessBase"]
[SourceDate "2018.02.23"]
[SourceVersion "1"]
[SourceVersionDate "2018.02.23"]
[SourceQuality "1"]

1. Nf3 Nf6 2. d4 e6 3. g3 b6 4. Bg2 Bb7 5. 0-0 Be7 6. b3 0-0 7. Bb2 a5 8. c4 d5 9. Nbd2 a4 10. Qc2 Nc6 11. a3 axb3 12. Nxb3 dxc4 13. Qxc4 Na5 14. Nxa5 Bd5 15. Nc6 Bxc4 16. Nxd8 Raxd8 17. Rfc1 Bxe2 18. Rxc7 Nd5 19. Rc2 Bd3 20. Rc6 Bb5 21. Rc2 Ba4 22. Rc4 Bb5 23. Rc2 Ra8 24. Nd2 Ra4 25. Ne4 Rd8 26. h3 h6 27. Nc3 Nxc3 28. Rxc3 Bc4 29. Bc6 b5 30. Rc2 Bf6 31. Rd2 Ra6 32. Be4 Rad6 33. Rad1 g6 34. Kg2 Bb3 35. Rb1 Bc4 36. Rbd1 Kg7 37. Kf3 Bg5 38. Rc2 Bb3 39. Rb1 Bxc2 40. Bxc2 Bf6 41. Bd3 Bxd4 42. Bxd4+ Rxd4 43. Bxb5 Rb8 44. Rb3 Rd2 45. Ke3 Ra2 46. a4 Rd8 47. Rb1 Kf6 48. Re1 Ra3+ 49. Ke2 Rd5 50. Kf1 Rd2 51. Re2 Ra1+ 0-1

[Event "Asia-chT blitz 5th"]
[Site "Ashkhabad"]
[Date "2017.09.27"]
[Round "2.1"]
[White "Megaranto, Susanto"]
[Black "Al Huwar, Jasem"]
[Result "1-0"]
[WhiteElo "2528"]
[BlackElo "2275"]
[PlyCount "65"]
[EventDate "2017.09.27"]
[EventType "team-swiss (blitz)"]
[EventRounds "5"]
[EventCountry "TKM"]
[SourceTitle "EXT 2018"]
[Source "ChessBase"]
[SourceDate "2017.10.13"]
[SourceVersion "1"]
[SourceVersionDate "2017.10.13"]
[SourceQuality "1"]
[WhiteTeam "Indonesia"]
[BlackTeam "United Arab Emirates"]
[WhiteTeamCountry "INA"]
[BlackTeamCountry "UAE"]

1. d4 g6 2. Nf3 Bg7 3. Bf4 d6 4. e3 Nf6 5. Nbd2 0-0 6. Be2 c6 7. h3 Nbd7 8. 0-0 Re8 9. Bh2 Qc7 10. c4 b6 11. b4 c5 12. a3 Bb7 13. Rc1 Rad8 14. Nb3 Qc8 15. d5 h6 16. Bd3 e6 17. e4 e5 18. Qd2 Nf8 19. bxc5 bxc5 20. Rb1 Ba8 21. Qa5 Rd7 22. Nc1 Rb7 23. Ne2 Ree7 24. Nc3 Ne8 25. Bc2 f5 26. Rfe1 f4 27. Ba4 Bf6 28. Qa6 Qb8 29. Bc6 Nc7 30. Rxb7 Nxa6 31. Rxb8 Bxc6 32. Rxf8+ Kxf8 33. dxc6 1-0